000 00249nam a2200085Ia 4500
245 0 _aFinance in your own business
100 _a PARKER, Eric Johannesburg, South Africa, 2011
_932793
942 _cBK
008 210817s9999 xx 000 0 und d
999 _c300240
_d300239